Zemiakársky jarmok v Spišskej Belej

Podrobná bibliografia
Médium: Článok
Jazyk:slovenčina
Predmet:

MARC

LEADER 00000nab a2200000 ar4500
001 vtls010173769
003 SK-MaSNL
005 20260305031912.0
008 100930c2010 xo mr|p|||||||000 b|slo
038 |a PPPK 
040 |a PPPKCL  |b slo  |c PPPKCL  |e AACR2 
041 0 |a slo 
044 |a xo  |c SK 
080 |a 635.21:394.6  |x (437.67)  |2 2001 
080 |a 394.6  |x (437.67)  |2 2001 
080 |a 633.49:061.48  |2 2001 
245 0 0 |a Zemiakársky jarmok v Spišskej Belej  |c [autor] (ph) 
611 2 7 |a Spišský zemiakársky jarmok  |n (8. :  |d 2010 :  |c Spišská Belá, Slovensko)  |2 pppkcl  |9 1609089 
648 7 |a 18.9.2010  |2 pppkcl  |9 1101267 
650 0 7 |a zemiaky  |2 pppkcl  |9 2709 
650 0 7 |a odrody zemiakov  |2 pppkcl  |9 351318 
650 0 7 |a jarmoky  |2 pppkcl  |9 21891 
651 7 |a Spišská Belá (Slovensko)  |2 pppkcl  |9 16198 
651 7 |a Kežmarok (Slovensko : okres)  |2 pppkcl  |9 51824 
773 0 |t Kežmarok  |g Roč. XVIII, č. 18 (2010), s. 8 
852 |a PPPK  |b KIS3GCP 
999 |c 3317941  |d 3319871